000 00281nam a22001337a 4500
008 181016b xxu||||| |||| 00| 0 eng d
020 _a9781580405232
041 _aeng
080 _a610
100 _a3
101 _aINF
245 _aType Diabetes
_cJames,m
942 _2udc
_cBK
999 _c49877
_d49877